000 nam a22 7a 4500
999 _c7285
_d7285
008 170804b xxu||||| |||| 00| 0 eng d
100 _93823
_aSharma.R.D.
245 _aMathematics-XII
260 _aNew Delhi